01233nam a2200313Ia 4500001001200000003000800012006001900020007001500039008004100054020001800095040002100113035002100134050002600155082001700181100002000198245009100218260004600309300004600355490004400401504005100445533015200496650001300648651002400661655002900685710001700714830004500731856012600776999001700902ebr10377917CaPaEBRm u cr cn|||||||||090909s2009 enkabf sb 001 0 eng d z9781845119379 aCaPaEBRcCaPaEBR a(OCoLC)61110463814aDS109.9b.M399 2009eb04a956.94422221 aMazza, Roberto.10aJerusalemh[electronic resource] :bfrom the Ottomans to the British /cRoberto Mazza. aLondon :bTauris Academic Studies,c2009. axx, 264 p., [16] p. plates :bill., maps.1 aLibrary of Middle East history ;vv. 20 aIncludes bibliographical references and index. aElectronic reproduction.bPalo Alto, Calif. :cebrary,d2011.nAvailable via World Wide Web.nAccess may be limited to ebrary affiliated libraries. 0aHistory. 0aJerusalemxHistory. 7aElectronic books.2local2 aebrary, Inc. 0aLibrary of Middle East history ;vv. 20.40uhttp://site.ebrary.com/lib/rucke/Doc?id=10377917zAn electronic book accessible through the World Wide Web; click to view c97620d97620